Statystyki dla Miasta najbliższe Bydgoszczy.

Kliknij tutaj aby rozwiązać quiz!

Ogólne statystyki

  • Ten quiz został rozwiązany 157 razy
  • Średni wynik to 4 z 10

Statystyki odpowiedzi

Odległość w kmOdpowiedź% Poprawnych
22,1Koronowo
72%
15,2Solec Kujawski
71%
27,2Nakło nad Notecią
60%
22Szubin
55%
36,1Żnin
51%
28,9Barcin
34%
20Łabiszyn
30%
30Mrocza
28%
36,2Pakość
12%
36,9Gniewkowo
10%

Rozkład punktacji

Percentyl według liczby udzielonych odpowiedzi

Procent ludzi z każdym wynikiem

Twoja historia wyników

Nie rozwiązałeś tego quizu